00577nam a2200193 a 450000100100000000500170001000800410002702000150006804000250008308200180010810000260012624500400015225000130019226000390020530000210024450000700026565000220033565000260035700000641420200929153928.0810413s1995 sp 000 0 spa d a8474441587 aDO-SdBNPbspacBNPHU a863.44bM778f1 aMontero, Rosa,d1951-13aLa función delta /cRosa Montero. a12a. ed. aMadrid, España :bDebate,c1995. a369 p. ;c22 cm. aIncluye datos biográficos del autor en la solapa de la cubierta 4aNovela española 4aLiteratura española